00438nam a22001457a 4500020001500000040000900015082001300024100002300037245004200060260002900102650002800131942001200159999001900171952010200190 a0750650982 cNUST a510bCOX aCox, Bill 9125498 aUnderstanding Engineering Mathematics aOxford:bNewnes, c2004. aEngineering Mathematics 2ddccBK c611205d611205 00102ddc4070aCEMEbCEMEcGENd2024-08-28l0o510 COXpCEME- 50957r2024-08-28w2024-08-28yBK